00459nam a2200157Ia 4500008004100000020000700041082001400048100002600062245005100088250000800139260003200147300002600179500001900205600002700224650005000251240925s9999 xx 000 0 und d aNA a004.21SEM aSemprevivo ,Philip C. 0aSystem Analysis: definition process and design a2nd aIndia:bSRA PublicationcNA axv,742p.bNAfPirated aIncludes Index aEngineering Technology aComputer science, information & general works